00966nam a22002417a 4500003000400000005001700004008004100021040002200062082001500084100003200099245002500131260003000156300002000186490001300206505008100219505011100300650004100411650005500452650005000507942002600557999001500583952012600598OSt20230824075642.0221006b |||||||| |||| 00| 0 eng d cBiblioteca Lado V a700bR331a 9962aReeve, Charleseeditor aART PAPERS MAGAZINE/ c1999bMITPREESSaHonduras c25.5x34cma68p. a05v23.3 tFEATURESaAccording to what Provoking Perception Crossing a Culture Divide tCOLUMNS AND RESOURCESaNews Departures IN Belfast Findings Surviving Studio Visit Art Resource Guide 2Tesauro de Arte & ArquitecturaaARTE 2Tesauro de Arte & ArquitecturaaEXHIBICIONES 9702 2Tesauro de Arte & ArquitecturaaANALISIS9703 2ddcc1h700iR331an0 c4200d4200 00102ddc323.340708RevistasaLVbLVd2023-08-23h05i002836l0o700 R331ap002836r2023-08-23 00:00:00w2023-08-23y1